00556nam a2200169Ia 4500008004100000020001800041041000800059082001600067100002200083245004700105250000600152260005300158300001200211650002200223999001900245952012200264210716s2007 xx 000 0 und d a9788120329690 aeng a004.65 SINB aSingh, Brijendra. aData communications and computer networks. a2 aNew DelhibPrentice Hall of India PVt Ltd.c2007 axiv,357 aComputer Networks c188611d188611 001040708MCAaAIMITbAIMITeDonatedg275.00l0o004.65 SINBpMCA08119r2025-07-21 00:00:00v275.00w2021-07-16yBK